00541cam a2200193 a 450000100100000000500170001000800410002702000150006804000200008308200170010310000230012024500440014326000370018730000210022449000270024565000220027265000260029483000270032000000775320200929154304.0920827s1993 sp 000 1 spa d a8432231037 aDO-SdBNPdBNPHU a863.64bU49n1 aUmbral, Francisco.10aNada en el domingo /cFrancisco Umbral. aBarcelona :bSeix Barral,c1993. a140 p. ;c19 cm.1 aBiblioteca de Bolsillo 4aNovela española 4aLiteratura española 0aBiblioteca de Bolsillo